<?xml version="1.0" encoding="UTF-8"?>
<record
    xmlns:xsi="http://www.w3.org/2001/XMLSchema-instance"
    xsi:schemaLocation="http://www.loc.gov/MARC21/slim http://www.loc.gov/standards/marcxml/schema/MARC21slim.xsd"
    xmlns="http://www.loc.gov/MARC21/slim">

  <leader>01092nam a22002177a 4500</leader>
  <controlfield tag="003">OSt</controlfield>
  <controlfield tag="005">20210607132520.0</controlfield>
  <controlfield tag="008">200127b        xxu||||| |||| 00| 0 eng d</controlfield>
  <datafield tag="020" ind1=" " ind2=" ">
    <subfield code="a">9988023731</subfield>
  </datafield>
  <datafield tag="040" ind1=" " ind2=" ">
    <subfield code="c">LC</subfield>
  </datafield>
  <datafield tag="050" ind1=" " ind2=" ">
    <subfield code="a">KRX1494A53.M55</subfield>
  </datafield>
  <datafield tag="100" ind1=" " ind2=" ">
    <subfield code="a">Mills, James Odartey.</subfield>
  </datafield>
  <datafield tag="245" ind1=" " ind2=" ">
    <subfield code="a">Aids law: laws applicable to HIV/AIDS issues in Ghana. /</subfield>
    <subfield code="c">James Odartey Mills.</subfield>
  </datafield>
  <datafield tag="260" ind1=" " ind2=" ">
    <subfield code="a">Accra:</subfield>
    <subfield code="b">German Development Cooperation,</subfield>
    <subfield code="c">2007.</subfield>
  </datafield>
  <datafield tag="300" ind1=" " ind2=" ">
    <subfield code="a">xxvii, 177 p. : ill. (some col.), col. maps;</subfield>
    <subfield code="c">20 cm.</subfield>
  </datafield>
  <datafield tag="505" ind1=" " ind2=" ">
    <subfield code="a">Contents: Table of statutes, treatises and other documents -- Table of cases -- List of abbreviations and acronyms -- Photographs -- Introduction -- Persons living with HIV/AIDS -- Persons under immediate threat -- Other persons -- Production and supply of HIV/AIDS  medicines and world trade -- Socio-institutional support -- Enforcing the law -- Conclusion and the way forward -- </subfield>
  </datafield>
  <datafield tag="653" ind1=" " ind2=" ">
    <subfield code="a"> AIDS (Disease)--Law and legislation--Ghana. </subfield>
  </datafield>
  <datafield tag="653" ind1=" " ind2=" ">
    <subfield code="a">AIDS (Disease)--Patients--Legal status, laws, etc.--Ghana.</subfield>
  </datafield>
  <datafield tag="710" ind1=" " ind2=" ">
    <subfield code="b">Ghana AIDS Commission</subfield>
  </datafield>
  <datafield tag="942" ind1=" " ind2=" ">
    <subfield code="2">lcc</subfield>
    <subfield code="c">BK</subfield>
  </datafield>
  <datafield tag="999" ind1=" " ind2=" ">
    <subfield code="c">7642</subfield>
    <subfield code="d">15142</subfield>
  </datafield>
  <datafield tag="952" ind1=" " ind2=" ">
    <subfield code="0">0</subfield>
    <subfield code="1">0</subfield>
    <subfield code="2">lcc</subfield>
    <subfield code="4">0</subfield>
    <subfield code="7">0</subfield>
    <subfield code="a">WIUC-KL</subfield>
    <subfield code="b">WIUC-KL</subfield>
    <subfield code="c">LL</subfield>
    <subfield code="d">2019-08-20</subfield>
    <subfield code="o">KRX1494.A53.M55(2e)</subfield>
    <subfield code="p">KSL/023/19</subfield>
    <subfield code="r">2021-06-07 00:00:00</subfield>
    <subfield code="t">1</subfield>
    <subfield code="w">2021-06-07</subfield>
    <subfield code="y">BK</subfield>
  </datafield>
  <datafield tag="952" ind1=" " ind2=" ">
    <subfield code="0">0</subfield>
    <subfield code="1">0</subfield>
    <subfield code="2">lcc</subfield>
    <subfield code="4">0</subfield>
    <subfield code="7">0</subfield>
    <subfield code="a">WIUC-KL</subfield>
    <subfield code="b">WIUC-KL</subfield>
    <subfield code="c">LL</subfield>
    <subfield code="d">2023-06-01</subfield>
    <subfield code="o">KRX1494.A53.M551(2e)</subfield>
    <subfield code="p">KSL/2033/236/23</subfield>
    <subfield code="r">2023-06-26 00:00:00</subfield>
    <subfield code="t">2</subfield>
    <subfield code="w">2021-06-07</subfield>
    <subfield code="y">BK</subfield>
  </datafield>
  <datafield tag="952" ind1=" " ind2=" ">
    <subfield code="0">0</subfield>
    <subfield code="1">0</subfield>
    <subfield code="2">lcc</subfield>
    <subfield code="4">0</subfield>
    <subfield code="7">0</subfield>
    <subfield code="a">WIUC-KL</subfield>
    <subfield code="b">WIUC-KL</subfield>
    <subfield code="c">LL</subfield>
    <subfield code="d">2023-06-01</subfield>
    <subfield code="o">KRX1494.A53.M552(2e)</subfield>
    <subfield code="p">KSL/2034/237/23</subfield>
    <subfield code="r">2023-06-26 00:00:00</subfield>
    <subfield code="t">3</subfield>
    <subfield code="w">2021-06-07</subfield>
    <subfield code="y">BK</subfield>
  </datafield>
  <datafield tag="952" ind1=" " ind2=" ">
    <subfield code="0">0</subfield>
    <subfield code="1">0</subfield>
    <subfield code="2">lcc</subfield>
    <subfield code="4">0</subfield>
    <subfield code="7">0</subfield>
    <subfield code="a">WIUC-KL</subfield>
    <subfield code="b">WIUC-KL</subfield>
    <subfield code="c">LL</subfield>
    <subfield code="d">2023-06-01</subfield>
    <subfield code="o">KRX1494.A53.M553(2e)</subfield>
    <subfield code="p">KSL/2035/238/23</subfield>
    <subfield code="r">2023-06-26 00:00:00</subfield>
    <subfield code="t">4</subfield>
    <subfield code="w">2021-06-07</subfield>
    <subfield code="y">BK</subfield>
  </datafield>
  <datafield tag="952" ind1=" " ind2=" ">
    <subfield code="0">0</subfield>
    <subfield code="1">0</subfield>
    <subfield code="2">lcc</subfield>
    <subfield code="4">0</subfield>
    <subfield code="7">0</subfield>
    <subfield code="a">WIUC-KL</subfield>
    <subfield code="b">WIUC-KL</subfield>
    <subfield code="c">LL</subfield>
    <subfield code="d">2023-06-01</subfield>
    <subfield code="l">0</subfield>
    <subfield code="o">KRX1494.A53.M554(2e)</subfield>
    <subfield code="p">KSL/2036/239/23</subfield>
    <subfield code="r">2023-06-26 00:00:00</subfield>
    <subfield code="t">5</subfield>
    <subfield code="w">2021-06-07</subfield>
    <subfield code="y">BK</subfield>
  </datafield>
  <datafield tag="952" ind1=" " ind2=" ">
    <subfield code="0">0</subfield>
    <subfield code="1">0</subfield>
    <subfield code="2">lcc</subfield>
    <subfield code="4">0</subfield>
    <subfield code="7">0</subfield>
    <subfield code="a">WIUC-KL</subfield>
    <subfield code="b">WIUC-KL</subfield>
    <subfield code="c">LL</subfield>
    <subfield code="d">2023-06-01</subfield>
    <subfield code="l">0</subfield>
    <subfield code="o">KRX1494.A53.M555(2e)</subfield>
    <subfield code="p">KSL/2037/240/23</subfield>
    <subfield code="r">2023-06-26 00:00:00</subfield>
    <subfield code="t">6</subfield>
    <subfield code="w">2021-06-07</subfield>
    <subfield code="y">BK</subfield>
  </datafield>
  <datafield tag="952" ind1=" " ind2=" ">
    <subfield code="0">0</subfield>
    <subfield code="1">0</subfield>
    <subfield code="2">lcc</subfield>
    <subfield code="4">0</subfield>
    <subfield code="7">0</subfield>
    <subfield code="a">WIUC-KL</subfield>
    <subfield code="b">WIUC-KL</subfield>
    <subfield code="c">LL</subfield>
    <subfield code="d">2023-06-01</subfield>
    <subfield code="l">0</subfield>
    <subfield code="o">KRX1494.A53.M556(2e)</subfield>
    <subfield code="p">KSL/2038/241/23</subfield>
    <subfield code="r">2023-06-26 00:00:00</subfield>
    <subfield code="t">7</subfield>
    <subfield code="w">2021-06-07</subfield>
    <subfield code="y">BK</subfield>
  </datafield>
</record>
